Capitales des états de USA du plus au moins peuplé - Statistiques

Statistiques générales
  • Ce quiz a été pris 13 fois
  • Le résultat moyen est 10 sur 50
Statistiques - réponses
Rang Circonscription Nbr d'hab Ville % Correct
1 Ouest 1 608 139 Phoenix
91%
2 Sud 961 855 Austin
82%
10 Est 510 823 Atlanta
45%
8 Est 675 647 Boston
45%
3 Nord 905 748 Columbus
45%
5 Ouest 715 522 Denver
45%
4 Nord 887 642 Indianapolis
45%
9 Ouest 524 943 Sacramento
45%
6 Est 689 447 Nashville
36%
11 Est 467 665 Raleigh
36%
18 Est 226 610 Richmond
36%
13 Nord 311 527 Saint Paul
36%
17 Sud 227 470 Bâton Rouge
27%
16 Ouest 235 684 Boise
27%
37 Ouest 58 639 Carson City
27%
50 Est 8 074 Montpelier
27%
49 Nord 14 091 Pierre
27%
19 Nord 214 133 Des Moines
18%
14 Nord 291 082 Lincoln
18%
20 Sud 202 591 Little Rock
18%
15 Nord 269 840 Madison
18%
7 Sud 681 054 Oklahoma City
18%
38 Ouest 55 620 Olympia
18%
43 Est 40 812 Annapolis
9%
48 Est 18 899 Augusta
9%
35 Nord 73 622 Bismarck
9%
27 Est 136 632 Columbia
9%
39 Est 50 099 Harrisburg
9%
29 Est 121 054 Hartford
9%
46 Ouest 32 091 Helena
9%
12 Ouest 350 964 Honolulu
9%
45 Ouest 32 255 Juneau
9%
25 Ouest 175 535 Salem
9%
22 Ouest 199 723 Salt Lake City
9%
34 Ouest 87 505 Santa Fe
9%
30 Nord 114 394 Springfield
9%
32 Est 99 224 Albany
0%
40 Est 48 864 Charleston
0%
36 Ouest 65 132 Cheyenne
0%
41 Est 43 976 Concord
0%
44 Est 39 403 Dover
0%
47 Nord 28 602 Franckfort
0%
26 Est 153 701 Jackson
0%
42 Nord 43 228 Jefferson City
0%
31 Nord 112 644 Lansing
0%
21 Est 200 603 Montgomery
0%
24 Est 190 934 Providence
0%
23 Est 196 169 Tallahassee
0%
28 Nord 126 587 Topeka
0%
33 Est 90 871 Trenton
0%
Aucun quiz correspondant
Distribution des résultats
% des personnes avec chaque résultat
Percentile par nombre de réponses
Votre historique - résultats
Vous n’avez pas pris ce quiz